| 000 | 00742nam a22002297a 4500 | ||
|---|---|---|---|
| 999 |
_c743 _d743 |
||
| 001 | 743 | ||
| 003 | BD-JhCC | ||
| 005 | 20221025134021.0 | ||
| 008 | 171009s2010 bg |||| |||| 000 0 ben d | ||
| 020 | _a9848685707 | ||
| 035 | _a(BD-JhCC)743 | ||
| 040 |
_aBD-JhCC _dBD-JhCC |
||
| 041 | _aben | ||
| 082 |
_a891.443 _bJAH 2010 |
||
| 100 | _aজাহান, নাসরীন | ||
| 245 |
_aছেলেটি যে মেয়ে, মেয়েটি তা জানত না / _cনাসরীন জাহান |
||
| 260 |
_aঢাকা: _bঅন্যপ্রকাশ , _c২০১০. |
||
| 300 |
_a৯৫ পৃ. : _c২২ সেমি. |
||
| 650 | _aBengali Novel | ||
| 942 |
_2ddc _cBK _017 |
||